000 00599nam a2200217Ia 4500
003 OSt
005 20220925220737.0
006 a|||||r|||| 00| 0
007 ta
008 220923b |||||||| |||| 00| 0 eng d
037 _cGeneral Book
040 _aRTL
_cRTL
_beng
041 _2eng
_aeng
082 _aX6xM83:3, F3/SC
100 _aKEYNES John Maynard
_9124564
245 0 _aTract on motetary reform
260 _aLondon
_bMacMillan
_c1932
300 _aviii,209p.
_ccm.
942 _hX6xM83:3, F3/SC
_cGB
_2CC
999 _c572315
_d572315